| 000 | 01395cam a22003734a 4500 | ||
|---|---|---|---|
| 001 | 11825902 | ||
| 003 | OSt | ||
| 005 | 20140310182714.0 | ||
| 008 | 991028s2000 nyu b 001 0 eng | ||
| 010 | _a 99056873 | ||
| 020 | _a1403902941 | ||
| 020 | _a0312230605 (pbk.) | ||
| 040 |
_aDLC _cDLC _dDLC |
||
| 042 | _apcc | ||
| 043 | _aa------ | ||
| 050 | 0 | 0 |
_aDS 33 _b.M398 2000 |
| 082 | 0 | 0 |
_aM 950.21 _bM38 2000 |
| 100 | 1 |
_aMason, Colin, _d1926- |
|
| 245 | 1 | 2 |
_aA short history of Asia _cMason, Colin |
| 260 |
_aNew York : _bSt. Martin's Press, _cc2000. |
||
| 300 |
_aviii, 316 p. ; _c23 cm. |
||
| 504 | _aIncludes bibliographical references (p. 306-309) and index. | ||
| 521 | _aHigh School to College Student | ||
| 526 | _c0L-1700L | ||
| 541 | _j1 | ||
| 562 | _eFor circulation. 1 copy available in the collection | ||
| 651 | 0 |
_aAsia _xHistory. |
|
| 856 | 4 | 2 |
_3Contributor biographical information _uhttp://www.loc.gov/catdir/bios/hol058/99056873.html |
| 856 | 4 | 2 |
_3Publisher description _uhttp://www.loc.gov/catdir/description/hol057/99056873.html |
| 856 | 4 | 1 |
_3Table of contents _uhttp://www.loc.gov/catdir/toc/hol053/99056873.html |
| 906 |
_a7 _bcbc _corignew _d1 _eocip _f19 _gy-gencatlg |
||
| 942 |
_2lcc _cBK _kM |
||
| 999 |
_c15259 _d15259 |
||